000 00494nam a2200169Ia 4500
008 090201s9999 xx 000 0 und d
010 _aKPL-39341
040 _bमराठी
041 _aमराठी
082 _a24458
_b39341
100 _aअमृता प्रीतम
245 _aबंधन
_cअमृता प्रीतम
260 _c2004
_bसदानंद प्रकाशन
300 _a143
_bमोठा
600 _aबंधन
942 _cBOOK
999 _c223775
_d223775